Most International Caps Per Premier League Team Quiz Stats

 Plays Quiz not verified by Sporcle

Challenge
Share
Tweet
Embed
Score 0/20 Timer 05:00
0 Plays Today
Club Player % Correct
Manchester UnitedJi Sung Park (100 Caps)
96.3%
LiverpoolSteven Gerrard (89 Caps)
94.4%
Manchester CityKolo Toure (86 Caps)
93.1%
ChelseaAshley Cole (92 Caps)
88.8%
Tottenham HotspurRafael Van Der Vaart (91 Caps)
82.1%
ArsenalPer Mertesacker (80 Caps)
80.2%
Bolton WanderersMartin Petrov (89 Caps)
76.3%
Aston VillaShay Given (116 Caps)
74.8%
Blackburn RoversMorten Gamst Pedersen (69 Caps)
71.9%
EvertonJohnny Heitinga (73 Caps)
71.9%
Club Player % Correct
FulhamDamien Duff (92 Caps)
71.3%
Newcastle UnitedFabricio Coloccini (34 Caps)
69.4%
Stoke CityThomas Sorensen (96 Caps)
66.1%
West Bromwich AlbionPeter Odemwingie (53 Caps)
61.1%
Wolverhampton WanderersKevin Doyle (44 Caps)
58.6%
SunderlandJohn O'Shea (71 Caps)
51.8%
Swansea CityAshley Williams (29 Caps)
51.6%
Wigan AthleticMaynor Figueroa (78 Caps)
44.7%
Queens Park RangersHeidar Helguson (53 Caps)
39.7%
Norwich CityAndrew Crofts (20 Caps)
8.1%

You're not logged in!

Compare scores with friends on all Sporcle quizzes.
OR
Log In

You Might Also Like...

Show Comments

Extras

Top Quizzes Today


Score Distribution

Your Account Isn't Verified!

In order to create a playlist on Sporcle, you need to verify the email address you used during registration. Go to your Sporcle Settings to finish the process.

Report this User

Report this user for behavior that violates our Community Guidelines.

Details: